| 000 | 00972nam a2200301Ia 4500 | ||
|---|---|---|---|
| 003 | OSt | ||
| 005 | 20221007123118.0 | ||
| 006 | a|||||r|||| 00| 0 | ||
| 007 | ta | ||
| 008 | 221006b |||||||| |||| 00| 0 eng d | ||
| 020 | _a9781107129764 (hbk) | ||
| 024 | _a200552 | ||
| 037 |
_b5402, 22/02/2019, Ashutosh Technical Books _cTextual |
||
| 040 |
_aPAPL _cPAPL _beng |
||
| 041 |
_2eng _aeng |
||
| 082 | _aB9641, Q7 Carpa | ||
| 100 |
_aDodelson Scott _9716540 |
||
| 245 | 0 | _aGravitational lensing | |
| 260 |
_aCambridge _bCambridge University Press _c2017 |
||
| 300 |
_axii, 224p. ill. _ccm. |
||
| 500 | _aAppendix A-B 210-211p.; References 213-219p.; Index 220-224p. | ||
| 650 |
_a Cosmic Shear _9716541 |
||
| 650 |
_a Mircolensing _9716542 |
||
| 650 |
_a Multiple image _9716543 |
||
| 650 | _aPhysics | ||
| 942 |
_hB9641, Q7 Carpa _cTEXL _2CC |
||
| 999 |
_c1211402 _d1211402 |
||